00000000nam 2200000zi 4500
0019.947445
003CaOODSP
00520250128113908
006m     o  d f      
007cr mn|||||||||
008250128t19911992oncbd   ob   f000 0 eng d
020 |z0662198832
040 |aCaOODSP|beng|erda|cCaOODSP
043 |an-cn---|an-cn-on|an-cn-us
0861 |aZ1-1989/1-41-10E-PDF|zZ1-1989/1-41-10E
1001 |aSchultz, Richard J.|q(Richard John),|d1945- |eauthor.
24510|aAirline subsidies : |bthree case studies / |cRichard J. Schultz.
264 1|a[Ottawa] : |b[Royal Commission on National Passenger Transportation], |cNovember 1991.
264 4|c©1992
300 |a1 online resource (29 pages) : |bgraph, map
336 |atext|btxt|2rdacontent
337 |acomputer|bc|2rdamedia
338 |aonline resource|bcr|2rdacarrier
500 |aIssued also in French under title: Subventions accordées aux lignes aériennes : trois études de cas.
500 |a"Report Prepared for the Research Division, Royal Commission on National Passenger Transportation."
500 |a"RR-10."
500 |aDigitized edition from print [produced by Government of Canada Publications Directorate].
504 |aIncludes bibliographical references (pages 28-29).
650 0|aAirlines|xSubsidies|zCanada|vCase studies.
650 0|aAirlines|xSubsidies|zOntario|vCase studies.
650 0|aAirlines|xSubsidies|zUnited States|vCase studies.
655 7|aCase studies|2lcgft
7101 |aCanada. |bRoyal Commission on National Passenger Transportation. |bResearch Division, |eissuing body.
77508|tSubventions accordées aux lignes aériennes : |w(CaOODSP)9.947446
85640|qPDF|s2.31 MB|uhttps://publications.gc.ca/collections/collection_2025/bcp-pco/Z1-1989-1-41-10-eng.pdf